AEW And WWE Relationships - Statistics

General Stats
  • This quiz has been taken 441 times
  • The average score is 11 of 15
Answer Stats
One person There Boyfriend/Girlfriend % Correct
Daniel Bryan Brie Bella
96%
Jimmy Uso Naomi
92%
Miro/Rusev Lana
91%
Triple H Stephanie McMahon
90%
Edge Beth Phoenix
88%
The Miz Maryse
87%
Montez Ford Bianca Belair
86%
Cody Rhodes Brandi Rhodes
85%
Tyson Kidd Natalya
83%
Matt Cardona Chelsea Green
74%
Brock Lesnar Sable
72%
The Fiend Jojo
65%
Nick Aldis Mickie James
58%
Artem Nikki Bella
41%
Sonny Kiss Killian McMurphy
10%
No matching quizzes found
Score Distribution
Percent of People with Each Score
Percentile by Number Answered
Your Score History
You have not taken this quiz